000 00417nam a2200133Ia 4500
008 170221s9999 xx 000 0 und d
245 _aBetween Objectivity and Openness—The Mediality of Data for Journalism
260 _bMedia and Communication
260 _c2013
300 _a33 : 5
650 _xCommunication
650 _xMedia Arts
856 _uhttp://www.librelloph.com/mediaandcommunication/issue/current
999 _c311025
_d311025